000
00206nam a2200085Ia 4500
008
170617s9999 xx 000 0 und d
100
_a
Sinha Sharda
245
2
_a
A T B of Envirment & Ecology
260
_b
N. Delhi AITBS
260
_c
2008
999
_c
15442
_d
15442